000 00543nam a2200145 4500
082 _aMSEE-6 ZAI
100 _aZain Haider
245 _aMultiband metamaterials for antenna directivity enhancement /
260 _aIslamabad
_bNUST-SEECS
_c2017
300 _a62p.
_eCD Includes
856 _uhttp://10.250.8.41:8080/xmlui/handle/123456789/31409
942 _2ddc
_cTHE
999 _c342347
_d342347